Countries Bordering India - Map Quiz - Statistics

General Stats
  • This quiz has been taken 604 times
  • The average score is 6 of 6
Answers on the Map
Answers color-coded by a green-red scale on the quiz's map according to % correct below.
 
Answer Stats
Answer % Correct
China
99%
Pakistan
98%
Nepal
96%
Bhutan
95%
Bangladesh
94%
Myanmar
91%
No matching quizzes found
Score Distribution
Percent of People with Each Score
Percentile by Number Answered
Your Score History
You have not taken this quiz